000 01840cam a2200133 4500500
005 20260405085549.0
041 _afre
042 _adc
100 1 0 _aCarroué, Laurent
_eauthor
245 0 0 _aLa planète financière : Capital, pouvoirs, espace et territoires
260 _bArmand Colin,
_c2015.
520 _aSi la crise économique et financière mondiale est omniprésente dans l’actualité journalière et les débats, la géographie du système financier mondial et ses territoires sont encore peu étudiés, alors que la mondialisation est par essence même un phénomène géographique. L’objectif de cet ouvrage est donc d’apporter à la fois une véritable connaissance des processus et acteurs à l’œuvre dans les économies et sociétés contemporaines, et une boîte à outils conceptuelle et méthodologique propre à la géographie. Car loin d’être « déterritorialisé », le système financier est au contraire profondément ancré dans les réalités sociales, culturelles, économiques et géopolitiques qui organisent l’espace mondial. Après avoir abordé les questions de la production, de la mobilisation et de la circulation de la richesse, ce manuel vient analyser l’émergence puis la crise du régime d’accumulation financière apparue dans les années 1975-1980, en en décortiquant les structures et fonctionnements. Sont ensuite abordés les grands acteurs (banques, assurances, fonds de pension, shadow banking, fonds souverains…), les principaux marchés financiers (monnaies, actions, dettes, matières premières…) et leurs territoires spécifiques. Enfin, l’auteur explore les enjeux politiques et géopolitiques de la finance et les questions de gouvernance.
856 4 1 _uhttps://shs.cairn.info/la-planete-financiere--9782200601294?lang=fr&redirect-ssocas=7080
999 _c2198551
_d2198551